|
|
|
|
| LEADER |
01221nam a2200289 a 4500 |
| 001 |
4818040 |
| 008 |
091007s1990 caua b 001 0 eng d |
| 010 |
|
|
|a 89026772
|
| 020 |
|
|
|a 1555422055 (alk. paper)
|
| 040 |
|
|
|a DNLM/DLC
|c DLC
|d DLC
|
| 082 |
0 |
0 |
|a 362.1/2/0685
|2 20
|
| 100 |
1 |
|
|a Benson, Dale S.
|
| 245 |
1 |
0 |
|a Excellence in ambulatory care :
|b a practical guide to developing effective quality assurance programs /
|c Dale S. Benson, Peyton G. Townes, Jr.
|
| 250 |
|
|
|a 1st ed.
|
| 260 |
|
|
|a San Francisco :
|b Jossey-Bass,
|c 1990.
|
| 300 |
|
|
|a xxi, 296 p. :
|b ill. ;
|c 24 cm.
|
| 490 |
0 |
|
|a Jossey-Bass health series
|
| 504 |
|
|
|a Includes bibliographical references (p. 274-288) and index.
|
| 541 |
1 |
|
|e 00005357
|
| 650 |
|
0 |
|a Ambulatory medical care
|x Standards.
|
| 650 |
|
0 |
|a Ambulatory medical care
|x Quality control.
|
| 650 |
|
2 |
|a Ambulatory Care
|x Standards.
|
| 650 |
|
2 |
|a Quality Assurance, Health Care.
|
| 700 |
1 |
|
|a Townes, Peyton G.
|
| 852 |
4 |
|
|a Ayesha Abed Library
|j General Shelf.
|
| 999 |
|
|
|c 4314
|d 4314
|
| 952 |
|
|
|0 0
|1 0
|2 ddc
|4 0
|6 362_120685000000000_BEN_1990
|7 0
|9 3985
|a BRACUL
|b BRACUL
|c GEN
|d 2009-10-08
|g 0.00
|l 0
|o 362.120685 BEN
|p 3010005357
|r 2009-10-08
|t 1
|w 2009-10-08
|y BK
|x No price found in the accession register.
|